000 00971nam a22002417a 4500
999 _c7283
_d7283
003 AR-CdUCM
008 190320b ||||| |||| 00| 0 spa d
040 _aMUNICIPALIDAD PROVINCIAL DEL CUSCO
_cBIBLIOTECA MUNICIPAL DEL CUSCO
041 _hge
082 _a082 /
_bL257
100 _aLandmann, Michael
_916003
245 _aAntropología filosófica :
_bAutointerpretación del hombre en la historia y en el presente /
260 _aMéxico :
_bEditorial Hispano Americana,
_c1961.
300 _a295 páginas ;
_c16 cm.
440 _aSección 7 filosofía
_n63
_920531
505 _aContenido: El sentido de la antropología filosófica -- Antropología prefilosófica -- Datos selectos para la historia de la antropología -- Hombre y Dios -- Lo antropológico en el antiguo y nuevo testamento...
650 _aHombre
_9838
650 _aFilosofía
_9395
650 _aCiencias sociales
_91096
650 _aReligión
_91195
942 _2ddc
_cLIBROS
945 _adavv